Thinking through Gandhi : (Record no. 93373)

MARC details
000 -LEADER
fixed length control field 00582nam a22001817a 4500
005 - DATE AND TIME OF LATEST TRANSACTION
control field 20150619120345.0
010 ## - LCCN (DPL NO)
LC control number ENG-112880
020 ## - INTERNATIONAL STANDARD BOOK NUMBER
Terms of availability 175.00
International Standard Book Number 9788172764555
035 ## - SYSTEM CONTROL NUMBER
System control number EN-96412
037 ## - SOURCE OF ACQUISITION
Source of stock number/acquisition DBAD/PUB
082 ## - DEWEY DECIMAL CLASSIFICATION NUMBER
Classification number 954.035
100 ## - MAIN ENTRY--PERSONAL NAME
Personal name Chokshi, Krishna A .
245 ## - TITLE STATEMENT
Title Thinking through Gandhi :
Statement of responsibility, etc by Krishna A. Chokshi
Remainder of title Gandhi's ideas and how they can still inspire /
260 ## - PUBLICATION, DISTRIBUTION, ETC. (IMPRINT)
Place of publication, distribution, etc Mumbai
Name of publisher, distributor, etc Bharatiya Vidaya Bhawan
Date of publication, distribution, etc 2013
270 ## - ADDRESS
Address K.M. Munshi Marg
City Mumbai
Postal code 400007
300 ## - PHYSICAL DESCRIPTION
Extent xiii,170p. :
Dimensions 22cm(pbk)
Other physical details ill.
942 ## - ADDED ENTRY ELEMENTS (KOHA)
Source of classification or shelving scheme Dewey Decimal Classification
Item type English Books
Call number suffix CHO
Classification part 954.035
Holdings
Withdrawn status Lost status Not for loan Collection code Home library Current library Date acquired Source of acquisition Cost, normal purchase price Full call number Barcode Copy number Cost, replacement price Koha item type
    Not For Loan Non-fiction D.B.Act.Division D.B.Act.Division 07/05/2015 DBAD/PUB 175.00 954.035 CHO EN-96412 1 175.00 English Books

© Delhi Public Library
Hit Counter
free hit counter